000 00952cam a2200289 a 4500
001 690065
003 OSt
005 20140310182230.0
008 960426s1996 nyu 000 1 eng
010 _a 96018978
020 _a9780060175184
040 _aDLC
_cDLC
_dDLC
_dOCoLC
_dDLC
050 0 0 _aPR 6051
_b. Ar671F68 1996
082 0 0 _aFIC
_bAr2f 1996
100 1 _aArcher, Jeffrey,
_d1940-
_918040
245 1 4 _aThe fourth estate /
_cJeffrey Archer.
250 _a1st ed.
260 _aNew York :
_bHarperCollinsPublishers,
_c1996.
300 _a549 p. ;
_c24 cm.
650 0 _aNewspaper publishing
_xFiction.
_918041
655 7 _aDomestic fiction.
_2lcsh
_92796
655 7 _aAdventure stories.
_2gsafd
_92927
906 _a7
_bcbc
_corignew
_d1
_eocip
_f19
_gy-gencatlg
942 _2lcc
_cBK-FIC
_kFIC
999 _c10877
_d10877